Marketingová komunikácia vo vybranej spoločnosti bakalárska práca

Gespeichert in:
Bibliographische Detailangaben
1. Verfasser: Hrnčiar, Dominik
Körperschaft: Obchodná fakulta EU. Katedra marketingu
Weitere Verfasser: Ožvoldová, Katarína, 1984-
Format: Buch
Sprache:Slowakisch
Veröffentlicht: Bratislava 2025
Tags: Tag hinzufügen
Keine Tags, Fügen Sie das erste Tag hinzu!

MARC

LEADER 00000nbm a2200000 4500
001 0310981
005 20251031124543.2
041 0 |a slo 
044 |a SK 
245 1 0 |a Marketingová komunikácia vo vybranej spoločnosti  |b bakalárska práca  |c Dominik Hrnčiar ; školiteľ: Katarína Ožvoldová 
264 1 |a Bratislava  |c 2025 
300 |a 68 s. 
100 1 |a Hrnčiar, Dominik 
700 1 |a Ožvoldová, Katarína, 1984- 
710 2 |a Obchodná fakulta EU. Katedra marketingu